000 00270nam a2200109Ia 4500
008 201231s9999 xx 000 0 und d
100 _aLong, Jeb
245 0 _aFoxpro 2.6 For Windows Developer's Guide
260 _aNew Delhi
_bPrentice Hall
300 _a1380
942 _cBK
999 _c9664
_d9664